Kaplnka sv. Cyrila a Metoda v Ľubochni (medailón k 70. výročiu posviacky)

Bibliographic Details
Main Author: Olos, Viktor, 1927- (Author)
Format: Book
Language:Slovak
PhysicalDescription:52 s. fotogr. 21 cm
Published: [Hubová] Viktor Olos [2008]
ISBN:9788096997046
Edition:[1. vyd.]
Subjects:

MARC

LEADER 00000nam a2200000 a 4500
001 vtls009315135
003 SK-MaSNL
005 20260301081727.0
008 240313s2008 xo o g f 000 0 slo
015 |a SNBE2008/04-01454 
020 |a 9788096997046  |q (brož.) 
040 |a SNK  |b slo  |c SNK  |e AACR2 
041 0 |a slo 
043 |a e-xo-- 
044 |a xo  |c SK 
072 7 |a 27-9  |x Dejiny kresťanskej cirkvi  |2 konspekt 
080 |a 27-9  |2 2001 
080 |a 726.52  |2 2001 
080 |a (437.6)  |2 2001 
080 |a (082.2)  |2 2001 
080 |a 272/273-523.46-546.2  |2 2001 
100 1 |a Olos, Viktor,  |d 1927-  |4 aut  |9 157670 
245 1 0 |a Kaplnka sv. Cyrila a Metoda v Ľubochni  |b (medailón k 70. výročiu posviacky)  |c [autor: Viktor Olos] 
250 |a [1. vyd.] 
260 |a [Hubová]  |b Viktor Olos  |c [2008] 
300 |a 52 s.  |b fotogr.  |c 21 cm 
500 |a Na obale názov: 70. výročie posviacky kaplnky sv. Cyrila a Metoda v Ľubochni 
504 |a Bibliografia s. 40 
610 2 7 |a Kaplnka sv. Cyrila a Metoda (Ľubochňa, Slovensko)  |2 SNKKA  |9 405491 
648 7 |a 1938-2008  |2 SNKPH  |9 405492 
650 0 7 |a kaplnky  |x dejiny  |2 SNKPH  |9 405493 
651 7 |a Ľubochňa (Slovensko)  |2 SNKPH  |9 82539 
655 7 |a jubilejné publikácie  |2 SNKPH  |9 70339 
919 |a 978-80-969970-4-6 
958 |a NB 
999 |c 656646  |d 658576 
952 |a SNK  |b SNK  |y PREZ  |7 0  |p 17A0595477  |o snkOSC 24471  |i snk2008/14592  |8 0  |0 0  |1 0  |4 0  |d 2008-07-25  |l 0  |r 2026-02-23 18:40:39  |w 2026-02-23 
952 |a SNK  |b SNK  |y VYP  |7 0  |p 17A0595476  |o snkOSC 24471 D1  |i snk2008/14593  |8 0  |0 0  |1 0  |4 0  |d 2008-07-25  |l 0  |r 2026-02-23 18:40:39  |w 2026-02-23